GIS tutorial: for ArcGIS 10

Gorde:
Xehetasun bibliografikoak
Egile Nagusiak: Gorr, Wilpen L (Egilea), Kurland, Kristen S (Egilea), Allen, David W (Egilea), Coffey, Jeffery M (Egilea)
Formatua: Liburua
Hizkuntza:ingelesa
Argitaratua: Redwood City ESRI Press 2008
Edizioa:3a. ed
Gaiak:
Etiketak: Etiketa erantsi
Etiketarik gabe, Izan zaitez lehena erregistro honi etiketa jartzen!

MARC

LEADER 00000cam a2200000 a 4500
001 UCE4779
003 CL-VaPUC
008 141113e20080000us |||||||||||||||||eng|d
020 |a 9781589482593v.1 
020 |a 9781589482586v.2 
020 |a 9781589482074v.3 
082 0 4 |a 623.89  |b GOR  |2 21 
100 0 |a Gorr, Wilpen L  |e author  |9 577268 
700 0 |a Kurland, Kristen S  |e author  |9 577269 
700 0 |a Allen, David W  |e author  |9 577270 
700 0 |a Coffey, Jeffery M  |e author  |9 577271 
245 1 0 |a GIS tutorial: for ArcGIS 10 
250 |a 3a. ed 
300 |a v 
942 |c BK 
945 |d 20141113 14:00:00  |a dcastane 
260 |a Redwood City  |b ESRI Press  |c 2008 
500 |a v.1: basic workbook 
500 |a v.2: spatial analysis workbook 
500 |a v.3: advanced workbook 
600 0 7 |a GIS GEOGRAPHIC INFORMATION SYSTEM  |2 CL-VaPUC  |9 546407 
650 7 |a NAVEGACION POR SATELITE  |2 CL-VaPUC  |9 546409 
650 7 |a SISTEMA DE POSICIONAMIENTO GLOBAL  |2 CL-VaPUC  |9 577272 
583 |a last modification  |c 20141113 14:00:00  |k Rodrigo Vera 
999 |c 357659  |d 357657 
952 |0 0  |1 0  |3 erb  |4 0  |6 623_890000000000000_GOR_2008  |7 0  |8 F  |9 465688  |a BIBING  |b BIBING  |h v.1  |i 5122953  |o 623.89 GOR 2008  |p 5122953  |r 2025-01-20  |w 2019-11-23  |y BK_F  |z Catalogado en:20141113  |k CIC 
952 |0 0  |1 0  |3 erb  |4 0  |6 623_890000000000000_GOR_2008  |7 0  |8 F  |9 465689  |a BIBING  |b BIBING  |h v.2  |i 5122961  |o 623.89 GOR 2008  |p 5122961  |r 2025-01-20  |w 2019-11-23  |y BK_F  |z Catalogado en:20141113  |k CIC 
952 |0 0  |1 0  |3 erb  |4 0  |6 623_890000000000000_GOR_2008  |7 0  |8 F  |9 465690  |a BIBING  |b BIBING  |h v.3  |i 512297K  |o 623.89 GOR 2008  |p 512297K  |r 2025-01-20  |w 2019-11-23  |y BK_F  |z Catalogado en:20141113  |k CIC